Quels joueurs sont passés par le PSG ? -Mort subite - Statistiques

Statistiques générales
  • Ce quiz a été pris 233 fois
    139 depuis la dernière actualisation
  • Le résultat moyen est 13 sur 14
Answers on the Grid
Answers color-coded by a green-red scale on the quiz's grid according to % correct below.
Zlatan Ibrahimovic
David Beckham
Ronaldo Nazario
Cristiano Ronaldo
Lionel Messi
Lamine Yamal
Maxwell
Kylian Mbappé
Gareth Bale
Ronaldinho
Aubameyang
Kolo Muani
Ryan Cherki
Thierry Henry
Zinedine Zidane
Kailor Navas
Thiago Silva
Diego Maradona
Marco Verratti
Lautaro Martinez
Kvicha Kvarashktelia
Safonov
Kingsley Coman
Angel Di Maria
 
Statistiques - réponses
Réponse % Correct
Zlatan Ibrahimovic
100%
Lionel Messi
99%
Kylian Mbappé
98%
Marco Verratti
97%
Thiago Silva
97%
Angel Di Maria
96%
David Beckham
96%
Kailor Navas
96%
Kolo Muani
96%
Kvicha Kvarashktelia
96%
Safonov
95%
Kingsley Coman
94%
Maxwell
93%
Ronaldinho
91%
Aucun quiz correspondant
Distribution des résultats
% des personnes avec chaque résultat
Percentile par nombre de réponses
Votre historique - résultats
Vous n’avez pas pris ce quiz depuis la dernière actualisation